| 000 | 00396cam a2200157ua 4500 | ||
|---|---|---|---|
| 041 |
_aeng _h |
||
| 082 |
_a824 _bCAR/SC |
||
| 100 | _aCarlyie, Themas . | ||
| 245 |
_aScottish and other miscellanies / _cThemas Carlyie. _hTextual Documents |
||
| 260 |
_aLondon : _bEverymans Library , _c1950. |
||
| 300 | _a339 ; . | ||
| 504 | _a | ||
| 942 | _cBK | ||
| 999 |
_c11574 _d11574 |
||